Simple book of sociology. (Record no. 245)

MARC details
000 -LEADER
fixed length control field 00397cam a2200169ua 4500
008 - FIXED-LENGTH DATA ELEMENTS--GENERAL INFORMATION
fixed length control field 110328n ii |||gr||||Z||||||eng
040 ## - CATALOGING SOURCE
Transcribing agency MAIN
082 ## - DEWEY DECIMAL CLASSIFICATION NUMBER
Classification number 301
245 ## - TITLE STATEMENT
Title Simple book of sociology.
Statement of responsibility, etc. By H.R. Mukhi.
250 ## - EDITION STATEMENT
Edition statement 1st.
260 ## - PUBLICATION, DISTRIBUTION, ETC.
Place of publication, distribution, etc. Delhi.:
Name of publisher, distributor, etc. SBD publishers.,999.
300 ## - PHYSICAL DESCRIPTION
Extent viii, 576 p.:
Dimensions 24 cm.
700 1# - ADDED ENTRY--PERSONAL NAME
Personal name Mukhi, H.R.,
942 ## - ADDED ENTRY ELEMENTS (KOHA)
Koha item type Books
653 ## - INDEX TERM--UNCONTROLLED
Uncontrolled term Sociology.
Holdings
Withdrawn status Lost status Damaged status Not for loan Home library Current library Shelving location Date acquired Total Checkouts Full call number Barcode Date last seen Copy number Price effective from Koha item type
        Central Library, Naharkatiya College Central Library, Naharkatiya College General Stacks 19/09/2020   301 | MUK 15017 19/09/2020 1 19/09/2020 Books

Naharkatiya College © 2020. All rights reserved.

Powered By